|
|
|
|
| LEADER |
00000nas a2200000 a 4500 |
| 001 |
ssj0008215 |
| 003 |
WaSeSS |
| 005 |
20200512172242.0 |
| 006 |
m d |
| 007 |
cr n |
| 008 |
021021c19859999enkqr pss 0 a0eng c |
| 010 |
|
|
|a 2010233189
|
| 015 |
|
|
|a GBB407395
|2 bnb
|
| 016 |
7 |
|
|a 2030067-0
|2 DE-600
|
| 022 |
|
|
|a 1474-0613
|l 0266-464X
|y 0266-464X
|
| 035 |
|
|
|a (WaSeSS)ssj0008215
|
| 040 |
|
|
|a TXI
|b eng
|c TXI
|d WYU
|d OCLCQ
|d OCL
|d OCLCQ
|d UV0
|d SYB
|d OCLCQ
|d GUA
|d OCLCQ
|d OCLCF
|d OCLCO
|d OCLCQ
|d OCLCO
|d DEFHM
|d OCLCO
|d OCLCA
|d AU@
|d OCLCA
|d WaSeSS
|
| 042 |
|
|
|a pcc
|
| 043 |
|
|
|a e-uk---
|
| 050 |
1 |
4 |
|a PN2001
|
| 082 |
0 |
4 |
|a 792/.05
|2 19
|
| 130 |
0 |
|
|a New theatre quarterly (Online)
|
| 222 |
|
0 |
|a New theatre quarterly
|b (Online)
|
| 245 |
1 |
0 |
|a New theatre quarterly
|h [electronic resource].
|
| 246 |
3 |
0 |
|a NTQ
|
| 260 |
|
|
|a [Cambridge, England] :
|b Cambridge University Press.
|
| 310 |
|
|
|a Quarterly
|
| 362 |
1 |
|
|a Print began with vol. 1, no. 1 (Feb. 1985).
|
| 506 |
|
|
|a License restrictions may limit access.
|
| 538 |
|
|
|a Mode of access: World Wide Web.
|
| 588 |
|
|
|a Description based on: Vol. 18, no. 1 (Feb. 2002); title from contents screen (Cambridge University Press, viewed Mar. 23, 2010).
|
| 588 |
|
|
|a Latest issue consulted: Vol. 26, issue 1 (Feb. 2010), viewed Mar. 23, 2010.
|
| 650 |
|
0 |
|a Theater
|v Periodicals.
|
| 650 |
|
0 |
|a Drama
|v Periodicals.
|
| 650 |
|
0 |
|a Theater
|z Great Britain
|v Periodicals.
|
| 650 |
|
7 |
|a Drama.
|2 fast
|0 (OCoLC)fst00897468
|
| 650 |
|
7 |
|a Theater.
|2 fast
|0 (OCoLC)fst01149217
|
| 650 |
|
7 |
|a Theater
|2 gnd
|
| 651 |
|
7 |
|a Great Britain.
|2 fast
|0 (OCoLC)fst01204623
|
| 655 |
|
0 |
|a Electronic journals.
|
| 776 |
0 |
8 |
|i Print version:
|t New theatre quarterly
|x 0266-464X
|w (DLC) 85643629
|w (OCoLC)12440003
|
| 856 |
4 |
0 |
|z Full text available from Research Library: 02/01/2002 to 1 year ago
|u https://search.proquest.com/publication/36721
|